000
00373nam a22001577a 4500
003
MPLRDC
005
20220104124149.0
008
210129b ||||| |||| 00| 0 eng d
082
_a
855 SCW
100
_a
沈从文等著
245
_a
文学家的情书
_c
260
_a
_b
蓝天书屋
_c
300
_b
平
650
_a
散文;随笔、日记
942
_c
BK
_o
855 SCW
999
_c
17142
_d
17132